000 00305nam a2200157Ia 4500
100 _aOsho
650 _aPhilosophy
942 _cBK
366 _f17.5
245 _aMaturity
260 _bSt.Martins Griffins
_c1999
082 _a155.25/OSH
_bOSH
300 _a184
546 _aENGLISH
999 _c20415
_d20415